Teaching and Research in Economics/ (Record no. 194997)

MARC details
000 -LEADER
fixed length control field 00588nam a22001817a 4500
005 - DATE AND TIME OF LATEST TRANSACTION
control field 20230207173828.0
010 ## - LCCN (DPL NO)
LC control number ENG-136144
020 ## - INTERNATIONAL STANDARD BOOK NUMBER
International Standard Book Number 9878184503616
Terms of availability 680.00
035 ## - SYSTEM CONTROL NUMBER
System control number EN-119676
037 ## - SOURCE OF ACQUISITION
Source of stock number/acquisition DBAD/PUB
082 ## - DEWEY DECIMAL CLASSIFICATION NUMBER
Classification number 330.954
100 ## - MAIN ENTRY--PERSONAL NAME
Personal name Thakur, Anil Kumar
245 ## - TITLE STATEMENT
Title Teaching and Research in Economics/
Statement of responsibility, etc Anil Kumar Thakur and S.S. Somra
260 ## - PUBLICATION, DISTRIBUTION, ETC. (IMPRINT)
Place of publication, distribution, etc New Delhi
Name of publisher, distributor, etc Deep Publications Pvt Ltd
Date of publication, distribution, etc 2011
270 ## - ADDRESS
Address F-159, Rajouri Garden
City New Delhi
Postal code 110027
Electronic mail address ddpbooks@yahoo.co.in
300 ## - PHYSICAL DESCRIPTION
Extent xi, 176p.
Other physical details Index
Dimensions 23cm(hbk)
942 ## - ADDED ENTRY ELEMENTS (KOHA)
Source of classification or shelving scheme Dewey Decimal Classification
Item type English Books
Classification part 330.954
Call number suffix THA
Holdings
Withdrawn status Lost status Not for loan Home library Current library Date acquired Source of acquisition Cost, normal purchase price Full call number Barcode Copy number Cost, replacement price Koha item type
      Diz Area Diz Area 07/02/2023 DBAD/PUB 680.00 330.954 THA EN-119676 1 680.00 English Books

© Delhi Public Library
Hit Counter
free hit counter